UM Logo

Government accounting / (Record no. 17765)

MARC details
000 -LEADER
fixed length control field 00662nam a22002177a 4500
003 - CONTROL NUMBER IDENTIFIER
control field OSt
005 - DATE AND TIME OF LATEST TRANSACTION
control field 20240105093751.0
008 - FIXED-LENGTH DATA ELEMENTS--GENERAL INFORMATION
fixed length control field 151112b xxu||||| |||| 00| 0 eng d
020 ## - INTERNATIONAL STANDARD BOOK NUMBER
International Standard Book Number 9786214161263
040 ## - CATALOGING SOURCE
Transcribing agency LIC
082 ## - DEWEY DECIMAL CLASSIFICATION NUMBER
Edition number 2022
Classification number DFil 657.835
Item number P969
100 ## - MAIN ENTRY--PERSONAL NAME
Personal name Punzalan, Angelito R.
9 (RLIN) 47166
245 ## - TITLE STATEMENT
Title Government accounting /
Statement of responsibility, etc. Angelito R. Punzalan and Milagros M. Cardona.
250 ## - EDITION STATEMENT
Edition statement 2022 edition
260 ## - PUBLICATION, DISTRIBUTION, ETC. (IMPRINT)
Place of publication, distribution, etc. Manila :
Name of publisher, distributor, etc. GIC Enterprises & Co., Inc.,
Date of publication, distribution, etc. ©2022.
300 ## - PHYSICAL DESCRIPTION
Extent 503 pages :
Other physical details illustrations ;
Dimensions 23 cm.
500 ## - GENERAL NOTE
General note Includes appendices.
650 ## - SUBJECT ADDED ENTRY--TOPICAL TERM
Topical term or geographic name as entry element Accounting.
9 (RLIN) 47167
700 ## - ADDED ENTRY--PERSONAL NAME
Personal name Milagros M. Cardona.
9 (RLIN) 553
942 ## - ADDED ENTRY ELEMENTS (KOHA)
Source of classification or shelving scheme Dewey Decimal Classification
Koha item type Filipiniana
Holdings
Withdrawn status Lost status Source of classification or shelving scheme Damaged status Not for loan Collection code Home library Current library Shelving location Date acquired Source of acquisition Cost, normal purchase price Total Checkouts Full call number Barcode Date last seen Date last checked out Copy number Price effective from Koha item type Total Renewals
    Dewey Decimal Classification     Filipiniana UM Digos College - LIC UM Digos College - LIC Book Cart 08/16/2022 Purchased 1085.00 17 DFil 657.835 P969 2022 26847 09/19/2025 09/17/2025 1 12/16/2022 Filipiniana  
    Dewey Decimal Classification     Filipiniana UM Digos College - LIC UM Digos College - LIC Book Cart 08/08/2023 Purchased 1095.00 4 DFil 657.835 P969 2022 27641 09/23/2025 09/22/2025 2 01/04/2024 Filipiniana 1